MAN'S SEARCH FOR MEANING (Record no. 5115)
[ view plain ]
| 000 -LEADER | |
|---|---|
| fixed length control field | 00262nam a22001217a 4500 |
| 082 ## - DEWEY DECIMAL CLASSIFICATION NUMBER | |
| Classification number | 158 |
| Item number | FRA/M |
| 100 ## - MAIN ENTRY--AUTHOR NAME | |
| Personal name | FRANKL,VICTOR .E |
| 245 ## - TITLE STATEMENT | |
| Title | MAN'S SEARCH FOR MEANING |
| 260 ## - PUBLICATION, DISTRIBUTION, ETC. (IMPRINT) | |
| Place of publication | MUMBAI |
| Name of publisher | BETTER YOURSELF BOOKS |
| 300 ## - PHYSICAL DESCRIPTION | |
| Number of Pages | 120 |
| 650 ## - SUBJECT ADDED ENTRY--TOPICAL TERM | |
| Geographic subdivision | MUMBAI |
| 942 ## - ADDED ENTRY ELEMENTS (KOHA) | |
| Koha item type | Books |
| Withdrawn status | Lost status | Collection code | Home library | Current library | Shelving location | Date acquired | Source of acquisition | Full call number | Accession Number | Koha item type |
|---|---|---|---|---|---|---|---|---|---|---|
| Reference | Main Library | Main Library | SHELF-17G-PERSONALITY DEVELOPMENT BOOKS | 14/05/2023 | PURCHASE | 158 FRA/M | 04519 | Books |